[Event "Emanuel Lasker Open 2017"]
[Site "Gorzow"]
[Date "2017.06.17"]
[Round "6"]
[White "Jankowiak, Tomasz"]
[Black "Chyzy, Jakub"]
[Result "0-1"]
[WhiteElo "1903"]
[BlackElo "1838"]
[Annotator "NA RC"]
[PlyCount "90"]
[EventDate "2017.??.??"]
[EventType "swiss"]
[EventCountry "POL"]
[SourceTitle "playchess.com"]
[Source "ChessBase"]
[SourceQuality "1"]
[TimeControl "40/5400+30:1800+30"]

1. e4 {[%emt 0:00:00]} e5 {[%emt 0:00:07]} 2. Nf3 {[%emt 0:00:00]} Nc6 {[%emt 0:00:06]} 3. Bb5 {[%emt 0:00:00]} a6 {[%emt 0:00:09]} 4. Ba4 {[%emt 0:00:00]} Nf6 {[%emt 0:00:07]} 5. O-O {[%emt 0:00:00]} Be7 {[%emt 0:00:05]} 6. Re1 {[%emt 0:00:02]} b5 {[%emt 0:00:07]} 7. Bb3 {[%emt 0:00:03]} d6 {[%emt 0:00:07]} 8. c3 {[%emt 0:00:08]} O-O {[%emt 0:00:08]} 9. h3 {[%emt 0:00:02]} Nb8 {[%emt 0:00:28]} 10. d4 {[%emt 0:03:41]} Nbd7 {[%emt 0:00:08]} 11. Nbd2 {[%emt 0:00:07]} Bb7 {[%emt 0:00:10]} 12. Bc2 {[%emt 0:00:14]} Re8 {[%emt 0:00:12]} 13. Nf1 {[%emt 0:00:05]} Bf8 {[%emt 0:00:08]} 14. Ng3 {[%emt 0:00:06]} g6 {[%emt 0:00:06]} 15. Bg5 {[%emt 0:00:44]} h6 {[%emt 0:01:00]} 16. Bd2 {[%emt 0:00:17]} Bg7 {[%emt 0:01:58]} 17. a4 {[%emt 0:00:57]} c5 {[%emt 0:01:53]} 18. d5 {[%emt 0:02:43]} c4 {[%emt 0:01:25]} 19. b4 {[%emt 0:00:40]} cxb3 $1 {[%emt 0:06:43]} 20. Bxb3 {[%emt 0:00:30] LiveBook: 20 Games} Nc5 {[%emt 0:00:17]} 21. c4 {[%emt 0:00:31]} Qd7 {[%emt 0:14:56]} 22. cxb5 {[%emt 0:04:51]} axb5 {[%emt 0:01:04]} 23. a5 {[%emt 0:00:21]} Nd3 {[%emt 0:09:17]} 24. Re3 {[%emt 0:01:30]} Nf4 {[%emt 0:00:37]} 25. Bb4 {[%emt 0:21:42]} Rec8 {[%emt 0:07:54]} 26. Ne2 {[%emt 0:15:22]} N6h5 {[%emt 0:04:50]} 27. Nc3 {[%emt 0:07:17]} g5 {[%emt 0:10:16]} 28. Nh2 {[%emt 0:05:50]} Nf6 {[%emt 0:06:05]} 29. Qf1 {[%emt 0:14:47]} Ba6 {[%emt 0:02:09]} 30. Ne2 {[%emt 0:01:21]} h5 {[%emt 0:07:44]} 31. Ng3 {[%emt 0:10:01]} Bf8 {[%emt 0:01:42]} 32. Qb1 {[%emt 0:01:40]} Rc7 {[%emt 0:04:02]} 33. Nf5 {[%emt 0:03:48]} Rac8 {[%emt 0:00:56]} (33... Bc8 $11) 34. Re1 {[%emt 0:00:49] [#]} Rc1 $3 {[%emt 0:06:30]} 35. Qxc1 {[%emt 0:05:43] grupa B} Rxc1 {[%emt 0:00:10]} 36. Raxc1 {[%emt 0:00:12] grupa B} Nd3 {[%emt 0:01:12] grupa B} 37. Bd2 {[%emt 0:01:52] [#]} (37. Rc3 $142 Nxe1 38. f3) 37... Nxe1 $2 {[%emt 0:00:28]} (37... Nxe4 $1 {[%mdl 512]} 38. Rxe4 Qxf5) 38. Bxe1 {[%emt 0:00:32]} Nxe4 {[%emt 0:00:34]} 39. g4 $2 {[%emt 0:00:01]} (39. Ne3) 39... hxg4 {[%emt 0:02:39]} 40. hxg4 {[%emt 0:00:00]} Nc5 {[%emt 0:00:58]} 41. Bc2 {[%emt 0:00:45]} Qb7 {[%emt 0:01:10]} 42. Ne3 {[%emt 0:02:28]} b4 {[%emt 0:02:03]} 43. Nf3 {[%emt 0:02:46]} b3 {[%emt 0:03:14]} 44. Bb1 {[%emt 0:14:20]} b2 {[%emt 0:00:32]} 45. Rd1 {[%emt 0:00:07]} Be2 {[%emt 0:00:37]} 0-1